Library Logo

Pioneer International University Library Catalogue

The Magic Mountain : (Record no. 10006)

MARC details
000 -LEADER
fixed length control field 01210nam a22003017a 4500
003 - CONTROL NUMBER IDENTIFIER
control field OSt
005 - DATE AND TIME OF LATEST TRANSACTION
control field 20260326092337.0
008 - FIXED-LENGTH DATA ELEMENTS--GENERAL INFORMATION
fixed length control field 260326b |||||||| |||| 00| 0 eng d
020 ## - INTERNATIONAL STANDARD BOOK NUMBER
International Standard Book Number 9780749386429
040 ## - CATALOGING SOURCE
Transcribing agency vintage books
041 ## - LANGUAGE CODE
Language code of text/sound track or separate title eng.
Language code of original ger.
050 ## - LIBRARY OF CONGRESS CALL NUMBER
Classification number PT 2625 .M366 1952
Item number .M366 1952
100 ## - MAIN ENTRY--PERSONAL NAME
Personal name Mann, Thomas,
Dates associated with a name 1875-1955.
245 ## - TITLE STATEMENT
Title The Magic Mountain :
Remainder of title a novel /
Statement of responsibility, etc. Thomas Mann ; translated from the German by Helen Tracy Lowe‑Porter.
250 ## - EDITION STATEMENT
Edition statement second edition
260 ## - PUBLICATION, DISTRIBUTION, ETC.
Place of publication, distribution, etc. New York, NY :
Name of publisher, distributor, etc. Vintage Books,
Date of publication, distribution, etc. 1952.
300 ## - PHYSICAL DESCRIPTION
Extent x, 727 pages ;
Dimensions 18.5 cm
500 ## - GENERAL NOTE
General note Originally published as *Der Zauberberg* in 1924; translated English edition.
520 ## - SUMMARY, ETC.
Summary, etc. A young engineer visits a Swiss sanatorium before World War I and becomes enmeshed in a world of ideas, illness, and introspection in this classic modernist novel.
650 ## - SUBJECT ADDED ENTRY--TOPICAL TERM
Topical term or geographic name entry element Sanatoriums
Form subdivision Fiction
650 ## - SUBJECT ADDED ENTRY--TOPICAL TERM
Topical term or geographic name entry element Bildungsromans
Form subdivision Fiction
650 ## - SUBJECT ADDED ENTRY--TOPICAL TERM
Topical term or geographic name entry element Social life and customs
Form subdivision Fiction
650 ## - SUBJECT ADDED ENTRY--TOPICAL TERM
Topical term or geographic name entry element Intellectual life
Form subdivision Fiction
655 ## - INDEX TERM--GENRE/FORM
Source of term lcgft
Genre/form data or focus term Literary fiction.
700 ## - ADDED ENTRY--PERSONAL NAME
Personal name Lowe‑Porter, Helen Tracy,
Relator term translator.
710 ## - ADDED ENTRY--CORPORATE NAME
Corporate name or jurisdiction name as entry element Vintage Books (Firm)
Relator term publisher.
942 ## - ADDED ENTRY ELEMENTS (KOHA)
Source of classification or shelving scheme Library of Congress Classification
Koha item type Books
Edition 2nd ed.
Suppress in OPAC No
Holdings
Withdrawn status Lost status Source of classification or shelving scheme Damaged status Not for loan Home library Current library Date acquired Total checkouts Full call number Barcode Date last seen Price effective from Koha item type
    Library of Congress Classification     PIU Library Main Library 03/26/2026   PT 2625 .M366 1952 PIUDLMUR983 03/26/2026 03/26/2026 Books